000 00324 a2200157 4500
001 61024
020 _a
040 _cAnchieta - Pituba
100 _aLaurito, Ilka
240 1 0 _aCasimiro de Abreu
_lpor
245 1 0 _aCasimiro de Abreu
300 _a112
362 0 _a1982
650 4 _aAnálise e crítica
942 _cBK
999 _c61024
_d61024